Society and economy in central and eastern Europe quarterly journal of Budapest University of Economic Sciences

Salvato in:
Dettagli Bibliografici
Natura: Periodico
Lingua:inglese
Pubblicazione: Budapest University of Economic Sciences 2001
Soggetti:
Tags: Aggiungi Tag
Nessun Tag, puoi essere il primo ad aggiungerne!!

MARC

LEADER 00000nas2a22000001 4500
001 0007423
005 20230316092253.8
022 |a 1218-9391 
041 0 |a eng 
044 |a HU 
245 1 0 |a Society and economy in central and eastern Europe  |b quarterly journal of Budapest University of Economic Sciences 
264 1 |a Budapest  |b University of Economic Sciences  |c 2001 
300 |a 1 zv. 
500 |a Č. 2-3 má názov : Társadalom és gazdaság ... 
773 0 |w eu_un_cat*s120779 
610 2 0 |a veda ekonomická 
610 2 0 |a spoločnosť 
610 2 0 |a SVE